ՀՀ Գիտությունների ազգային ակադեմիայի հիմնարար գիտական գրադարան  =   Fundamental Scientific Library of NAS RA

Колебательные и акустические процессы в биологии и ветеринарии : (Record no. 314751)

MARC details
000 -LEADER
fixed length control field 01072nam a2200217 a 4500
001 - CONTROL NUMBER
control field 000911059
003 - CONTROL NUMBER IDENTIFIER
control field AM-YeHGA
005 - DATE AND TIME OF LATEST TRANSACTION
control field 20250617145556.0
008 - FIXED-LENGTH DATA ELEMENTS--GENERAL INFORMATION
fixed length control field 120903s1978 ru r 000 0 rus d
040 ## - CATALOGING SOURCE
Original cataloging agency AM-YeHGA
041 0# - LANGUAGE CODE
Language code of text/sound track or separate title rus
090 ## - LOCALLY ASSIGNED LC-TYPE CALL NUMBER (OCLC); LOCAL CALL NUMBER (RLIN)
-- 316472
100 1# - MAIN ENTRY--PERSONAL NAME
Personal name Белановский, А.С.
245 10 - TITLE STATEMENT
Title Колебательные и акустические процессы в биологии и ветеринарии :
Remainder of title Учебное пособие для студентов ветеринарного факультета по курс "Физика с основами биофизики" /
Statement of responsibility, etc. А.С. Белановский; МСХ СССР; МВА им. К.И. Скрябина.
260 ## - PUBLICATION, DISTRIBUTION, ETC.
Place of publication, distribution, etc. М. :
Name of publisher, distributor, etc. Б. и.,
Date of publication, distribution, etc. 1978.
300 ## - PHYSICAL DESCRIPTION
Extent 74 с. :
Other physical details рис., табл. ;
Dimensions 20 см.
650 14 - SUBJECT ADDED ENTRY--TOPICAL TERM
Topical term or geographic name entry element Животноводство
650 14 - SUBJECT ADDED ENTRY--TOPICAL TERM
Topical term or geographic name entry element Ветеринария
710 2# - ADDED ENTRY--CORPORATE NAME
Corporate name or jurisdiction name as entry element Министерство сельского хозяйства СССР
710 2# - ADDED ENTRY--CORPORATE NAME
Corporate name or jurisdiction name as entry element Московская ветеринарная академия им. К.И. Скрябина
Holdings
Withdrawn status Lost status Damaged status Not for loan Collection Home library Current library Date acquired Total checkouts Full call number Barcode Date last seen Price effective from Koha item type Public note
        General Fundamental Scientific Library Fundamental Scientific Library 09/01/2017   PII/423832 FL0439037 09/01/2017 09/01/2017 Գրքեր / Books 30 Days Loan


ՀՀ ԳԱԱ հիմնարար գիտական գրադարան
ՀՀ,Երևան 0019
Մարշալ Բաղրամյան 24/6
հեռախոս:(374-10) 52-47-50
Հետադարձ կապ

All site content, except where otherwise noted, is licensed under a
Creative Commons License